| 000 | 01503nam2a22003371 4500 | ||
|---|---|---|---|
| 001 | v19\rc\1759032 | ||
| 005 | 20250619064038.0 | ||
| 035 | _a(NLR Aleph) 004860213 | ||
| 090 |
_a5003667 _c5003667 |
||
| 100 | _a20061204d1903 |||y0rusy50 ca | ||
| 101 | 0 | _arus | |
| 102 | _aRU | ||
| 105 | _ay z ||||| | ||
| 200 | 0 |
_aВып. 1 _e(1609-1614 гг.) |
|
| 210 |
_d1903 _aБ. м. |
||
| 215 | _aVI, 148 с. | ||
| 461 | 0 |
_1001v19\rc\1759031 _12001#$aСеймовая борьба православного западнорусского дворянства с церковной унией (до 1609 г.)$eВып. 1-6$f[Соч.] Проф. П. Жуковича$vВып. 1 _1700#1$aЖукович$bП. Н.$f1857-1919$gПлатон Николаевич$3RU\NLR\AUTH\770208078 _95003663 _aЖукович, П. Н. (1857-1919) _cСанкт-Петербург _d1903-1912 _f[Соч.] Проф. П. Жуковича _nтип. М. Меркушева _oВып. 1-6 _p6 т. _tСеймовая борьба православного западнорусского дворянства с церковной унией (до 1609 г.) _vВып. 1 |
|
| 801 | 0 |
_aRU _bNLR _gpsbo |
|
| 801 | 0 |
_aRU _bRuMoRGB _2psbo |
|
| 801 | 1 |
_aRU _bProSoft-M _2rusmarc |
|
| 852 |
_aNLR _j38.46.5.6 |
||
| 852 |
_aNLR _j132/4149 |
||
| 899 |
_aRuMoRGB _jG 66/218 |
||
| 899 |
_aRuMoRGB _jT 51/91 |
||
| 899 |
_aRuMoRGB _jT 55/95 |
||
| 899 | _aБАН | ||
| 899 | _aГПИБ | ||
| 899 | _aНБ МГУ | ||
| 942 | _cBOOK | ||
| 980 | _aNB | ||